Normal view MARC view

Entry Topical Term

Number of records used in: 1

001 - CONTROL NUMBER

  • control field: 24498

003 - CONTROL NUMBER IDENTIFIER

  • control field: OSt

005 - DATE AND TIME OF LATEST TRANSACTION

  • control field: 20210702113807.0

008 - FIXED-LENGTH DATA ELEMENTS

  • fixed length control field: 210702|| aca||aabn | a|a d

040 ## - CATALOGING SOURCE

  • Original cataloging agency: OSt
  • Transcribing agency: OSt

150 ## - HEADING--TOPICAL TERM

  • Topical term or geographic name entry element: Networks, Goal congruence, Social network analysis, Qualitative comparative Analysis (QCA)

670 ## - SOURCE DATA FOUND

  • Source citation: Work cat.: (OSt): Lemaire, Robin H. 24497, What Is Our Purpose Here? Network Relationships and Goal Congruence in a Goal-Directed Network

Powered by Koha